000 03127nam0a2200469 4500
001 RU\NLR\bibl\1708690
005 20260408011317.0
010 _a978-5-87203-285-1
_9500
021 _aРКП
_b09-93283
035 _a(nilc)RSL-KNO-004415504
035 _a(NLR Aleph) 001699730
090 _a1212683
_c1212683
100 _a20091120d2009 |||y0rusy50 ca
101 0 _arus
_deng
102 _aRU
105 _ay |||||||||
200 1 _aЮбилейные чтения
_eсборник статей всероссийской научно-практической конференции, 23-26 сентября 2009 года
_f[под общ. ред. проф. Семина А.Н., Воронина Б.А.]
210 _aЕкатеринбург
_cИзд-во УрГСХА
_d2009
215 _a285, [6] с.
_cил., табл.
_d20
300 _aВ надзаг.: М-во сельского хоз-ва РФ, М-во сельского хоз-ва и продовольствия Свердловской обл., ФГОУ ВПО Уральская гос. с.-х акад., Каф. овощеводства и плодоводства им. проф. Н. Ф. Коняева, ГНУ Свердловская селекционная станция садоводства [и др.]
300 _aВсероссийская научно-практическая конференция "Актуальные вопросы овощеводства и садоводства", посвящена 80-ти летию профессоров Юриной Анны Васильевны и Котова Леонида Андрияновича
300 _aРез. англ.
320 _aБиблиогр. в конце ст.
600 1 _aЮрина
_bА.В.
_f1929
_gАнна Васильевна
_92625753
_3RU\NLR\auth\661562313
600 1 _aКотов
_bЛ.А.
_f1929
_gЛеонид Андриянович
_92625754
_3RU\NLR\auth\661562314
606 1 _aПлодоводство
_jСъезды, совещания и т.п.
_9892478
_3RU\NLR\auth\662745
606 1 _aОвощеводство
_jСъезды, совещания и т.п.
_91115703
_3RU\NLR\auth\66121646
686 _aП1я431(2)
_2rubbk
686 _aП25я431(2)
686 _aП24я431(2)
686 _aП24д(2)Юрина
686 _aП25д(2)Котов
702 1 _aСемин
_bА. Н.
_gАлександр Николаевич
_4340
711 1 2 _a"Актуальные вопросы овощеводства и садоводства", всероссийская научно-практическая конференция
_eЕкатеринбург
_f2009
_9841914
_3RU\NLR\AUTH\8810173043
711 1 2 _aАгропромышленный форум Уральского федерального округа
_d4
_eЕкатеринбург
_f2009
_9841930
_3RU\NLR\AUTH\8810173049
801 0 _aRU
_bРГБ
_c20091120
_grcr
801 1 _aRU
_bРГБ
_c20091120
801 2 _aRU
_bNLR
_c20100604
_grcr
942 _cBOOK
980 _aNB